|
|
|
|
| LEADER |
00000cam a22000004a 4500 |
| 001 |
musev2_24907 |
| 003 |
MdBmJHUP |
| 005 |
20230905042643.0 |
| 006 |
m o d |
| 007 |
cr||||||||nn|n |
| 008 |
130722s2013 mnu o 00 0 eng d |
| 020 |
|
|
|a 9780816684526
|
| 020 |
|
|
|z 0816684529
|
| 020 |
|
|
|z 9780816679003
|
| 035 |
|
|
|a (OCoLC)853364691
|
| 040 |
|
|
|a MdBmJHUP
|c MdBmJHUP
|
| 100 |
1 |
|
|a Mejias, Ulises Ali,
|e author.
|
| 245 |
1 |
0 |
|a Off the Network :
|b Disrupting the Digital World /
|c Ulises Ali Mejias.
|
| 264 |
|
1 |
|a Minneapolis :
|b University of Minnesota Press,
|c [2013]
|
| 264 |
|
3 |
|a Baltimore, Md. :
|b Project MUSE,
|c 2013
|
| 264 |
|
4 |
|c ©[2013]
|
| 300 |
|
|
|a 1 online resource (224 pages).
|
| 336 |
|
|
|a text
|b txt
|2 rdacontent
|
| 337 |
|
|
|a computer
|b c
|2 rdamedia
|
| 338 |
|
|
|a online resource
|b cr
|2 rdacarrier
|
| 490 |
0 |
|
|a Electronic mediations ;
|v v. 41
|
| 505 |
0 |
|
|a Introduction -- Thinking the network. The network as method for organizing the world -- The privatization of social life -- Computers as socializing tools -- Acting inside and outside the network -- Unthinking the network. Strategies for disrupting networks -- Proximity and conflict -- Collaboration and freedom -- Intensifying the network. The limits of liberation technologies -- The outside of networks as a method for acting in the world.
|
| 588 |
|
|
|a Description based on print version record.
|
| 650 |
|
7 |
|a Social Change.
|2 hilcc
|
| 650 |
|
7 |
|a Social Sciences.
|2 hilcc
|
| 650 |
|
7 |
|a Sociology & Social History.
|2 hilcc
|
| 650 |
|
7 |
|a Social groups.
|2 fast
|0 (OCoLC)fst01122482
|
| 650 |
|
7 |
|a Social networks.
|2 fast
|0 (OCoLC)fst01122678
|
| 650 |
|
7 |
|a Online social networks.
|2 fast
|0 (OCoLC)fst01741311
|
| 650 |
|
7 |
|a FAMILY & RELATIONSHIPS / Interpersonal Relations.
|2 bisacsh
|
| 650 |
|
7 |
|a BUSINESS & ECONOMICS / Negotiating.
|2 bisacsh
|
| 650 |
|
6 |
|a Reseaux sociaux.
|
| 650 |
|
6 |
|a Reseaux sociaux (Internet)
|
| 650 |
|
0 |
|a Social groups.
|
| 650 |
|
0 |
|a Social networks.
|
| 650 |
|
0 |
|a Online social networks.
|
| 655 |
|
7 |
|a Electronic books.
|2 local
|
| 710 |
2 |
|
|a Project Muse.
|e distributor
|
| 830 |
|
0 |
|a Book collections on Project MUSE.
|
| 856 |
4 |
0 |
|z Texto completo
|u https://projectmuse.uam.elogim.com/book/24907/
|
| 945 |
|
|
|a Project MUSE - Custom Collection
|
| 945 |
|
|
|a Project MUSE - 2013 Political Science and Policy Studies
|
| 945 |
|
|
|a Project MUSE - 2013 Complete
|